Normal view
MARC view
Entry Topical Term
001 - CONTROL NUMBER
- control field: 16791
003 - CONTROL NUMBER IDENTIFIER
- control field: VITAP
005 - DATE AND TIME OF LATEST TRANSACTION
- control field: 20251218142758.0
008 - FIXED-LENGTH DATA ELEMENTS
- fixed length control field: 251218|| aca||babn | a|a d
040 ## - CATALOGING SOURCE
- Original cataloging agency: VITAP
150 ## - HEADING--TOPICAL TERM
- Topical term or geographic name entry element: Gandhi, Mahatma, 1869–1948 — Autobiography